[Event "Pardubice Czech op-B 28th"]
[Site "Pardubice"]
[Date "2017.07.29"]
[Round "9"]
[White "Urh, Zala"]
[Black "Zeman, Radek"]
[Result "1-0"]
[WhiteElo "2088"]
[BlackElo "1961"]
[PlyCount "83"]
[EventDate "2017.07.21"]
[EventType "swiss"]
[EventRounds "9"]
[EventCountry "CZE"]
[SourceTitle "CBM 179 Extra"]
[Source "ChessBase"]
[SourceDate "2017.08.23"]
[SourceVersion "1"]
[SourceVersionDate "2017.08.23"]
[SourceQuality "1"]

1. d4 d5 2. Nf3 Nf6 3. g3 e6 4. c4 c6 5. Bg2 Be7 6. 0-0 0-0 7. Qc2 Nbd7 8. Rd1 b6 9. b3 Bb7 10. Nc3 Rc8 11. e4 a6 12. e5 Ne8 13. cxd5 cxd5 14. Qd3 Nc7 15. Be3 a5 16. a4 Na6 17. Ne1 Nb4 18. Qd2 Ba6 19. f4 f5 20. exf6 Nxf6 21. Nf3 Qc7 22. Rac1 Nd3 23. Nxd5 Qxc1 24. Nxe7+ Kf7 25. Rxc1 Rxc1+ 26. Qxc1 Nxc1 27. Bxc1 Kxe7 28. Ba3+ Ke8 29. Bxf8 Kxf8 30. Ne5 Be2 31. Bf1 Bxf1 32. Kxf1 Ne4 33. Ke2 Ke7 34. Kd3 Nd6 35. Nc4 Nc8 36. Ke4 Kd7 37. Ke5 Ke7 38. g4 g6 39. h3 h6 40. h4 h5 41. g5 Kf7 42. Nd6+ 1-0

[Event "Pardubice Czech op-B 28th"]
[Site "Pardubice"]
[Date "2017.07.28"]
[Round "8"]
[White "Zeman, Radek"]
[Black "Tauriainen, Marko"]
[Result "1/2-1/2"]
[WhiteElo "1961"]
[BlackElo "2103"]
[PlyCount "80"]
[EventDate "2017.07.21"]
[EventType "swiss"]
[EventRounds "9"]
[EventCountry "CZE"]
[SourceTitle "CBM 179 Extra"]
[Source "ChessBase"]
[SourceDate "2017.08.23"]
[SourceVersion "1"]
[SourceVersionDate "2017.08.23"]
[SourceQuality "1"]

1. e4 e6 2. d3 d5 3. Nd2 Nf6 4. g3 c5 5. Bg2 Nc6 6. Ngf3 Be7 7. 0-0 b6 8. e5 Nd7 9. Re1 Qc7 10. Qe2 Bb7 11. Nf1 0-0-0 12. c4 dxc4 13. dxc4 Rdg8 14. h4 h6 15. N1h2 g5 16. hxg5 hxg5 17. Ng4 Rh5 18. Bd2 Nf8 19. Bc3 Ng6 20. Rad1 Rgh8 21. Rd2 Nb8 22. Nfh2 Bd8 23. Bxb7+ Qxb7 24. Qe4 Qxe4 25. Rxe4 Nc6 26. Nf3 Nf8 27. Re3 Nd7 28. Red3 Ndb8 29. Kg2 Be7 30. a3 Rg8 31. Rd1 Rhh8 32. Nd2 Rd8 33. Ne4 Rxd3 34. Rxd3 Kc7 35. f3 a6 36. Bd2 Nd7 37. Nxg5 Ndxe5 38. Bf4 Bxg5 39. Bxe5+ Nxe5 40. Nxe5 Bf6 1/2-1/2

[Event "Pardubice op rapid 28th"]
[Site "Pardubice"]
[Date "2017.07.20"]
[Round "5"]
[White "Chrz, Pavel"]
[Black "Zeman, Radek"]
[Result "1/2-1/2"]
[WhiteElo "2030"]
[BlackElo "1961"]
[PlyCount "178"]
[EventDate "2017.07.19"]
[EventType "swiss (rapid)"]
[EventRounds "9"]
[EventCountry "CZE"]
[SourceTitle "CBM 179 Extra"]
[Source "ChessBase"]
[SourceDate "2017.08.23"]
[SourceVersion "1"]
[SourceVersionDate "2017.08.23"]
[SourceQuality "1"]

1. e4 Nc6 2. d4 d5 3. Nc3 dxe4 4. d5 Nb4 5. a3 Na6 6. Nxe4 e6 7. Bb5+ Bd7 8. dxe6 Bxb5 9. exf7+ Kxf7 10. Qh5+ g6 11. Qxb5 Qe7 12. Qd5+ Kg7 13. Bg5 Qe8 14. 0-0-0 h6 15. Qd4+ Kf7 16. Bf6 Nxf6 17. Qxf6+ Kg8 18. Qd4 Bg7 19. Qd5+ Kh7 20. Nf3 c6 21. Qd3 Rd8 22. Qxd8 Qxd8 23. Rxd8 Rxd8 24. c3 Re8 25. Re1 Kh8 26. Kd2 Rd8+ 27. Kc2 Nc7 28. Nc5 b6 29. Ne6 Nxe6 30. Rxe6 Kh7 31. Rxc6 Re8 32. Kd3 Re7 33. Nd4 Rd7 34. Ke4 Re7+ 35. Ne6 b5 36. Kd5 a5 37. Nxg7 Kxg7 38. Rb6 Re2 39. f4 Rxb2 40. Kc5 Rb3 41. Kd4 Rxa3 42. Rxb5 Ra2 43. g4 Rxh2 44. g5 hxg5 45. fxg5 a4 46. Rb7+ Kf8 47. Ra7 Rg2 48. Ra5 Ke7 49. c4 a3 50. Ra7+ Ke8 51. Kd5 Rxg5+ 52. Ke6 Kd8 53. Kd6 Kc8 54. c5 Rg3 55. Kc6 Kb8 56. Ra5 Rd3 57. Kb6 Rb3+ 58. Kc6 g5 59. Ra4 Rd3 60. Rb4+ Kc8 61. Ra4 Kb8 62. Rg4 a2 63. Rb4+ Kc8 64. Ra4 Kb8 65. Rxa2 g4 66. Rb2+ Kc8 67. Kb6 g3 68. Ra2 Rb3+ 69. Kc6 Kb8 70. Re2 Rf3 71. Re8+ Ka7 72. Re7+ Kb8 73. Rg7 Rf6+ 74. Kb5 Rh6 75. Rxg3 Rf6 76. Rb3 Kc7 77. Ra3 Rh6 78. Ra7+ Kc8 79. Rg7 Rf6 80. Rg5 Kc7 81. Rg7+ Kc8 82. c6 Rf1 83. Rg5 Kc7 84. Rg7+ Kc8 85. Kb6 Rb1+ 86. Kc5 Rc1+ 87. Kd6 Rd1+ 88. Ke6 Rc1 89. Kd6 Rd1+ 1/2-1/2

[Event "CZE-chT U18 Extraliga final-B 1516"]
[Site "Czech Republic"]
[Date "2016.04.24"]
[Round "11.2"]
[White "Zeman, Radek"]
[Black "Slovak, Kilian"]
[Result "0-1"]
[WhiteElo "1969"]
[BlackElo "2080"]
[PlyCount "162"]
[EventDate "2015.10.03"]
[EventType "team-tourn"]
[EventRounds "11"]
[EventCountry "CZE"]
[SourceTitle "EXT 2022"]
[Source "ChessBase"]
[SourceDate "2021.10.06"]
[SourceVersion "1"]
[SourceVersionDate "2021.10.06"]
[SourceQuality "1"]
[WhiteTeam "Brno Duras U18"]
[BlackTeam "Praha Kobylisy U18"]
[WhiteTeamCountry "CZE"]
[BlackTeamCountry "CZE"]

1. Nf3 g6 2. g3 Bg7 3. Bg2 d6 4. 0-0 Nf6 5. d3 0-0 6. e4 c5 7. Nbd2 Nc6 8. Re1 Qc7 9. Nf1 Rb8 10. Nh4 b5 11. Ne3 e6 12. f4 Bb7 13. c3 b4 14. Qc2 Nd7 15. Bd2 bxc3 16. bxc3 Ba6 17. Rab1 Rxb1 18. Rxb1 Rb8 19. Nf3 Rxb1+ 20. Qxb1 Qb6 21. Qc2 Qb5 22. Ne1 Qb6 23. Kf2 Ne7 24. Bf3 Bb7 25. Nc4 Qc7 26. Qb3 Nb6 27. Nb2 Bc6 28. Nc2 d5 29. Be3 c4 30. dxc4 dxe4 31. Be2 Nf5 32. Bd4 e5 33. fxe5 Bxe5 34. Bxe5 Qxe5 35. Ne3 Nxe3 36. Kxe3 Qg5+ 37. Kf2 Qc1 38. Nd1 Qh6 39. h4 Qg7 40. Ne3 Qf6+ 41. Kg2 Qd6 42. Qd1 Qxd1 43. Bxd1 f5 44. Kf2 Kf7 45. Bb3 Nd7 46. Nc2 Nc5 47. Nd4 Bd7 48. Ke3 Kf6 49. Nb5 a6 50. Nc7 Ke5 51. Nd5 Be6 52. Nf4 Bf7 53. Nh3 h6 54. Nf4 a5 55. Bd1 g5 56. hxg5 hxg5 57. Nh3 Ne6 58. Be2 f4+ 59. gxf4+ gxf4+ 60. Kd2 Bg6 61. Bg4 Nc5 62. Ng1 Bf7 63. Be2 f3 64. Nxf3+ exf3 65. Bxf3 Bxc4 66. a3 Kd6 67. Kc2 Ne6 68. Bg4 Nf4 69. Bf3 Kc5 70. Be4 Kd6 71. Kd2 Ke5 72. Ke3 Ne6 73. Bc6 Nd8 74. Be4 Nf7 75. Bb7 Nd6 76. Bc6 Bb5 77. Bxb5 Nxb5 78. a4 Nxc3 79. Kd3 Nxa4 80. Kc4 Nb6+ 81. Kb5 a4 0-1

[Event "Brno op"]
[Site "Brno"]
[Date "2015.08.23"]
[Round "1"]
[White "Zeman, Radek"]
[Black "Strebkovs, Andrejs"]
[Result "0-1"]
[WhiteElo "1866"]
[BlackElo "2358"]
[PlyCount "154"]
[EventDate "2015.08.23"]
[EventType "swiss"]
[EventRounds "9"]
[EventCountry "CZE"]
[SourceTitle "EXT 2016"]
[Source "ChessBase"]
[SourceDate "2015.10.08"]
[SourceVersion "1"]
[SourceVersionDate "2015.10.08"]
[SourceQuality "1"]

1. e4 g6 2. d4 d6 3. Nf3 Bg7 4. Nc3 Nf6 5. h3 0-0 6. Bc4 c6 7. a4 d5 8. Bd3 dxe4 9. Nxe4 Nbd7 10. 0-0 Nxe4 11. Bxe4 c5 12. c3 cxd4 13. Nxd4 Nc5 14. Bf3 e5 15. Nb3 Qxd1 16. Bxd1 Nd3 17. Be2 Nxc1 18. Raxc1 b6 19. Rcd1 Be6 20. Nd2 Rac8 21. Ne4 Rc7 22. Bb5 Bb3 23. Rd6 h6 24. Nd2 Be6 25. Rd1 Bf6 26. Nf3 Be7 27. R6d2 f6 28. Re1 Bb3 29. g4 Ra8 30. Bd3 Kg7 31. Ra1 Rd8 32. Bb5 Rxd2 33. Nxd2 Bf7 34. Rd1 f5 35. Nf3 Kf6 36. Kg2 Be6 37. Kg3 Bb3 38. Rd2 a6 39. Bxa6 Bxa4 40. Be2 Bc6 41. Bd1 e4 42. Ng1 Bc5 43. b4 Bf8 44. Rd8 Be7 45. Rb8 Bb7 46. Ne2 Rd7 47. Kg2 Bd6 48. Ba4 Bxb8 49. Bxd7 f4 50. Nd4 Bd5 51. Bc6 Ke5 52. Be8 Kf6 53. Bc6 f3+ 54. Kg1 Bxc6 55. Nxc6 Bd6 56. Kf1 Kg5 57. Nd8 Kh4 58. Nf7 Bf4 59. c4 Kxh3 60. c5 bxc5 61. bxc5 Kxg4 62. Nd6 e3 63. fxe3 Bxe3 64. c6 Bb6 65. Nb5 Kg3 66. c7 Bxc7 67. Nxc7 g5 68. Nd5 h5 69. Ne3 h4 70. Nf5+ Kf4 71. Nd4 g4 72. Ne6+ Kg3 73. Kg1 h3 74. Ng5 f2+ 75. Kf1 h2 76. Ne4+ Kf3 77. Nxf2 g3 0-1

[Event "CZE-chT U20 Extraliga final-A 1415"]
[Site "Czech Republic"]
[Date "2015.04.25"]
[Round "9.3"]
[White "Zeman, Radek"]
[Black "Pychova, Nela"]
[Result "1/2-1/2"]
[WhiteElo "1909"]
[BlackElo "1996"]
[PlyCount "97"]
[EventDate "2014.10.11"]
[EventType "team-tourn"]
[EventRounds "11"]
[EventCountry "CZE"]
[SourceTitle "EXT 2021"]
[Source "ChessBase"]
[SourceDate "2020.10.23"]
[SourceVersion "1"]
[SourceVersionDate "2020.10.23"]
[SourceQuality "1"]
[WhiteTeam "Brno Duras (U20)"]
[BlackTeam "Vlasim (U20)"]
[WhiteTeamCountry "CZE"]
[BlackTeamCountry "CZE"]

1. e4 c5 2. Nc3 Nc6 3. Bb5 g6 4. Bxc6 dxc6 5. d3 Bg7 6. f4 e5 7. Nf3 Qc7 8. fxe5 Bg4 9. Bf4 Bxf3 10. Qxf3 Bxe5 11. Bxe5 Qxe5 12. 0-0 f6 13. Ne2 0-0-0 14. c3 Re8 15. Ng3 h5 16. Rfe1 h4 17. Nf1 Nh6 18. Rad1 g5 19. Ne3 Qe6 20. Nf5 Nxf5 21. Qxf5 Qxf5 22. exf5 Kd7 23. Kf2 Kd6 24. Kf3 Rhg8 25. Kg4 Kd5 26. b3 b5 27. c4+ Kd4 28. Re6 Rxe6 29. fxe6 Ke5 30. Re1+ Kd6 31. Kf5 Ke7 32. cxb5 cxb5 33. Rc1 g4 34. d4 Rg5+ 35. Ke4 cxd4 36. Kxd4 Kxe6 37. Rc6+ Ke7 38. Ra6 Re5 39. Kd3 f5 40. Rh6 b4 41. h3 Ra5 42. hxg4 fxg4 43. Rxh4 Rxa2 44. Rxg4 a5 45. Rg6 Kf7 46. Ra6 Rb2 47. Rxa5 Rxb3+ 48. Kc4 Rg3 49. Kxb4 1/2-1/2

[Event "Brno op 5th"]
[Site "Brno"]
[Date "2014.11.19"]
[Round "5"]
[White "Schoeppe, Christian"]
[Black "Zeman, Radek"]
[Result "0-1"]
[WhiteElo "1640"]
[BlackElo "1893"]
[PlyCount "102"]
[EventDate "2014.11.15"]
[EventType "swiss"]
[EventRounds "9"]
[EventCountry "CZE"]
[SourceTitle "CBM 163 Extra"]
[Source "ChessBase"]
[SourceDate "2014.12.23"]
[SourceVersion "1"]
[SourceVersionDate "2014.12.23"]
[SourceQuality "1"]

1. Nf3 Nf6 2. g3 d5 3. c3 e6 4. Bg2 Be7 5. d3 0-0 6. 0-0 c5 7. a4 Nc6 8. Nbd2 b6 9. Qc2 Bb7 10. e4 Rc8 11. Qb1 dxe4 12. dxe4 Ba6 13. c4 Nd7 14. Re1 Nde5 15. b3 Nd3 16. Re3 Nxc1 17. Qxc1 e5 18. Bh3 Rb8 19. Qc3 Bc8 20. Bg2 Qc7 21. Rae1 Rd8 22. Rd3 Be6 23. Rd1 Rxd3 24. Qxd3 Rd8 25. Qc3 Bf6 26. Bf1 Rd6 27. h3 Qd7 28. Kh2 g6 29. Qe3 Bg7 30. g4 Nd4 31. Nxd4 Rxd4 32. f4 Qd6 33. f5 gxf5 34. gxf5 Bc8 35. Be2 Kh8 36. f6 Bxf6 37. Bh5 Rd3 38. Qh6 Rxh3+ 39. Kg2 Rd3 40. Bxf7 Bg7 41. Qxd6 Rxd6 42. Bd5 Rg6+ 43. Kf2 Bf6 44. Rh1 Bg5 45. Nf3 Bf4 46. Bf7 Rg7 47. Bh5 Bb7 48. Re1 Bg3+ 49. Ke2 Bxe1 50. Nxe1 Bxe4 51. Ke3 Bc6 0-1

[Event "Brno op 5th"]
[Site "Brno"]
[Date "2014.11.17"]
[Round "3"]
[White "Pokorny, Petr"]
[Black "Zeman, Radek"]
[Result "1-0"]
[WhiteElo "2138"]
[BlackElo "1893"]
[PlyCount "51"]
[EventDate "2014.11.15"]
[EventType "swiss"]
[EventRounds "9"]
[EventCountry "CZE"]
[SourceTitle "CBM 163 Extra"]
[Source "ChessBase"]
[SourceDate "2014.12.23"]
[SourceVersion "1"]
[SourceVersionDate "2014.12.23"]
[SourceQuality "1"]

1. d4 d5 2. c4 e6 3. Nc3 Nf6 4. cxd5 exd5 5. Bg5 Be7 6. e3 c6 7. Bd3 0-0 8. Qc2 Nbd7 9. Nf3 Re8 10. 0-0 Nf8 11. h3 Ng6 12. Bxf6 Bxf6 13. b4 Nh4 14. Nxh4 Bxh4 15. Bxh7+ Kh8 16. Bf5 Qg5 17. Bxc8 Raxc8 18. Qe2 f5 19. Qf3 Rf8 20. Ne2 Rce8 21. Nf4 Re7 22. g3 Rf6 23. Kh2 Bxg3+ 24. Qxg3 Qh6 25. Rg1 Qh7 26. Qg5 1-0

[Event "CZE-chT U20 Extraliga Ost 1415"]
[Site "Czech Republic"]
[Date "2014.10.11"]
[Round "2.3"]
[White "Hruza, Dominik"]
[Black "Zeman, Radek"]
[Result "0-1"]
[WhiteElo "1635"]
[BlackElo "1909"]
[PlyCount "112"]
[EventDate "2014.10.11"]
[EventType "team-tourn"]
[EventRounds "11"]
[EventCountry "CZE"]
[SourceTitle "EXT 2021"]
[Source "ChessBase"]
[SourceDate "2020.10.23"]
[SourceVersion "1"]
[SourceVersionDate "2020.10.23"]
[SourceQuality "1"]
[WhiteTeam "Brno Lokomotiva (U20) II"]
[BlackTeam "Brno Duras (U20)"]
[WhiteTeamCountry "CZE"]
[BlackTeamCountry "CZE"]

1. e4 c5 2. c3 d5 3. exd5 Qxd5 4. d4 g6 5. Nf3 Bg7 6. Be2 Nf6 7. 0-0 cxd4 8. cxd4 0-0 9. Nc3 Qd8 10. Qb3 Nc6 11. Be3 b6 12. Rfd1 Bb7 13. Ne5 e6 14. Bf3 Na5 15. Qa4 Bxf3 16. Nxf3 Nd5 17. Rac1 Rc8 18. Rc2 Nxe3 19. fxe3 Nc4 20. Kf2 Bh6 21. Re1 Qe7 22. e4 Nxb2 23. Rxb2 Rxc3 24. Rc2 Rfc8 25. Ree2 Be3+ 26. Kf1 Qf6 27. d5 exd5 28. exd5 Rxc2 29. Rxc2 Bc5 30. Re2 Qa1+ 31. Re1 Qb2 32. Re2 Qb1+ 33. Ne1 Qf5+ 34. Nf3 Qxd5 35. Qxa7 Rd8 36. Qa4 Qd1+ 37. Qxd1 Rxd1+ 38. Re1 Rxe1+ 39. Nxe1 Kg7 40. Nd3 Kf6 41. Nxc5 bxc5 42. Ke2 Ke5 43. Kd3 Kd5 44. a4 c4+ 45. Kc3 Kc5 46. a5 Kb5 47. a6 Kxa6 48. Kxc4 Kb6 49. Kd5 Kc7 50. Ke5 Kd7 51. Kf6 Ke8 52. g4 Kf8 53. g5 Kg8 54. Ke7 h6 55. gxh6 f5 56. Ke6 f4 0-1

[Event "Brno CEZ op"]
[Site "Brno"]
[Date "2014.08.24"]
[Round "1"]
[White "Zeman, Radek"]
[Black "Kratochvil, Josef"]
[Result "0-1"]
[WhiteElo "1845"]
[BlackElo "2269"]
[PlyCount "68"]
[EventDate "2014.08.24"]
[EventType "swiss"]
[EventRounds "9"]
[EventCountry "CZE"]
[SourceTitle "CBM 162 Extra"]
[Source "ChessBase"]
[SourceDate "2014.10.17"]
[SourceVersion "1"]
[SourceVersionDate "2014.10.17"]
[SourceQuality "1"]

1. e4 c5 2. Nf3 e6 3. d3 d5 4. Nbd2 Nc6 5. g3 Nf6 6. Bg2 b6 7. 0-0 Bb7 8. e5 Nd7 9. Re1 Be7 10. Nf1 g5 11. h3 h5 12. N1h2 Rg8 13. g4 hxg4 14. Nxg4 Qc7 15. c3 0-0-0 16. d4 Kb8 17. Nh6 Rg7 18. Nxg5 Bxg5 19. Bxg5 Rxg5 20. Nxf7 Rxg2+ 21. Kxg2 Rg8+ 22. Kh2 Nf6 23. Nd6 Ne4 24. Nxe4 dxe4 25. Rg1 Rf8 26. Qd2 Qd8 27. Rad1 cxd4 28. cxd4 Qh4 29. Rg3 Ne7 30. b4 Nf5 31. Rg4 Qh7 32. Qe1 Nh4 33. Qf1 e3 34. f4 Qc2+ 0-1

[Event "CZE-chTA U20 1314"]
[Site "Czech Republic"]
[Date "2014.04.26"]
[Round "10.2"]
[White "Jelinek, Michal"]
[Black "Zeman, Radek"]
[Result "1/2-1/2"]
[WhiteElo "1849"]
[BlackElo "1902"]
[PlyCount "64"]
[EventDate "2013.10.12"]
[EventType "team-tourn"]
[EventRounds "11"]
[EventCountry "CZE"]
[SourceTitle "EXT 2015"]
[Source "ChessBase"]
[SourceDate "2014.11.20"]
[SourceVersion "1"]
[SourceVersionDate "2014.11.20"]
[SourceQuality "1"]
[WhiteTeam "Praha Oaza (U20)"]
[BlackTeam "Brno Duras (U20)"]
[WhiteTeamCountry "CZE"]
[BlackTeamCountry "CZE"]

1. d4 d5 2. c4 e6 3. Nc3 Nf6 4. Bg5 Be7 5. Nf3 h6 6. Bh4 0-0 7. e3 b6 8. Qc2 Bb7 9. cxd5 Nxd5 10. Bxe7 Qxe7 11. Be2 Nd7 12. 0-0 c5 13. Nxd5 Bxd5 14. Rfd1 cxd4 15. Nxd4 Rac8 16. Qd2 Nc5 17. Bf3 Bxf3 18. Nxf3 Rfd8 19. Qe2 e5 20. Rxd8+ Rxd8 21. Rd1 Rd6 22. Rxd6 Qxd6 23. Qd2 Qd3 24. Qxd3 Nxd3 25. b3 f6 26. Nd2 Kf7 27. Kf1 Ke6 28. a3 b5 29. Ke2 Nc5 30. Kd1 f5 31. Kc2 Kd5 32. Kc3 Nb7 1/2-1/2

[Event "CZE-chTA U20 1314"]
[Site "Czech Republic"]
[Date "2014.04.26"]
[Round "9.2"]
[White "Zeman, Radek"]
[Black "Kratochvil, Vit"]
[Result "0-1"]
[WhiteElo "1902"]
[BlackElo "2040"]
[PlyCount "94"]
[EventDate "2013.10.12"]
[EventType "team-tourn"]
[EventRounds "11"]
[EventCountry "CZE"]
[SourceTitle "EXT 2015"]
[Source "ChessBase"]
[SourceDate "2014.11.20"]
[SourceVersion "1"]
[SourceVersionDate "2014.11.20"]
[SourceQuality "1"]
[WhiteTeam "Brno Duras (U20)"]
[BlackTeam "Vlasim (U20)"]
[WhiteTeamCountry "CZE"]
[BlackTeamCountry "CZE"]

1. d4 Nf6 2. Nf3 g6 3. c4 Bg7 4. Nc3 0-0 5. Bg5 d6 6. e3 Na6 7. Be2 c5 8. 0-0 Bd7 9. Qd2 Rc8 10. Rac1 cxd4 11. exd4 Nc7 12. h3 a6 13. a4 b5 14. cxb5 axb5 15. Nxb5 Nxb5 16. Rxc8 Qxc8 17. axb5 Ne4 18. Qe3 Nxg5 19. Qxg5 Qb7 20. Re1 Bf6 21. Qd2 Rb8 22. Rc1 Bxb5 23. Bxb5 Qxb5 24. Rc2 Kg7 25. g4 h6 26. Qe3 Qa4 27. Rd2 Rb3 28. Qe2 Qa5 29. Kg2 Qd5 30. Qd1 Bg5 31. Rc2 e5 32. Qe2 exd4 33. Qd1 d3 34. Rc3 Rxc3 35. bxc3 Bf6 36. Qd2 Qe4 37. Qe3 Qxe3 38. fxe3 Bxc3 39. Kf2 Kf6 40. e4 Ke6 41. g5 h5 42. Ke3 d2 43. Nxd2 Bxd2+ 44. Kxd2 f6 45. gxf6 Kxf6 46. Ke3 g5 47. Kf3 Ke5 0-1